000 00317nam a22001457a 4500
003 SGT
020 _a9788119613991
082 _a614.1
_bKUM
100 _aKUMAR, Dr .AJAY
245 _aOSCE AND OSPE IN FORENSIC TOXICOLOGY
260 _aINDIA
_bIP PUB
_c2024
300 _a145
650 _aSCIENCE
942 _2ddc
_cBK
999 _c33268
_d33268